| 000 | 00758nam a2200229 i 4500 | ||
|---|---|---|---|
| 001 | 125796 | ||
| 003 | ES-MaACL | ||
| 005 | 20250808021209.0 | ||
| 007 | t| | ||
| 008 | 070214s1931 sp r ||||1| spa d | ||
| 100 | 1 |
_aRavage, Marco Eli. _995568 |
|
| 245 | 1 | 0 |
_aCinco hombres de Francfort _b: (la historia de los Rothschild) / _cMarco Eli Ravage ; traducción del original inglés por G. Sans Huelin. |
| 250 | _a1ª. ed. | ||
| 260 |
_aMadrid : _bEspasa Calpe, _c1931. |
||
| 300 |
_a292 p. ; _c22 cm. |
||
| 490 | 1 |
_aVidas extraordinarias ; _v4 |
|
| 600 | 3 | 4 |
_aRothschild (Familia) _9154459 |
| 700 | 1 |
_aSans Huelin, Guillermo. _9103207 |
|
| 830 | 0 | 0 |
_aVidas extraordinarias _v4 _9181377 |
| 852 |
_aES-MaACL _jC-5506 |
||
| 999 |
_c125796 _d125796 |
||